000 00911nam a2200265 i 4500
001 166272
003 ES-MaACL
005 20250802062538.0
008 050913s1774 ne | |||||||| ||fre d
040 _aCAM
_bspa
_cCAM
100 1 _aThomas, Antoine Léonard,
_d1732-1785
_9133221
245 1 0 _aOeuvres de M. Thomas de l'Académie Françoise
_b: tome second.
250 _aNouvelle édition revue, corrigée et augmentée.
260 _aA Amsterdam :
_bchez E. van Harrevelt,
_c1774.
300 _a[4], 310, [2] p. ;
_c12º.
592 _aNotas a pie de pág.
595 _aLa mención de ed. precede a la indicación de parte.
597 _aSign.: []2, A-N12.
597 _aPort. a dos tintas con viñeta calc.
597 _aAntep.
597 _aAntep.
650 7 _aLiteratura
_2embne
_9141583
852 _aES-MaACL
_jR-987-90
_z-- Enc. pasta
_x-- Olim: G-9494-7
999 _c166272
_d166272